000 00848nam a2200241Ia 4500
003 OSt
005 20220918221230.0
006 a|||||r|||| 00| 0
007 ta
008 220917b |||||||| |||| 00| 0 eng d
024 _a148,864
037 _cTextual
040 _aARTS
_cARTS
_beng
041 _2eng
_aeng
082 _aT, H7
110 _aUnited Nations Educational, Scientific And Cultural Organisation; PreParatory Commission. Special committee On Fundamental Education, 1946
_9139647
245 0 _aSpecial Committee on Fundamental Education, 1946
_b Report
260 _c1947
650 _aEDUCATION
700 _aUnited Nations Educational, Scientific And Cultural Organisation; PreParatory Commission. Special committee On Fundamental Education, 1946
_9139648
942 _hT, H7
_cTEXL
_2CC
999 _c271540
_d271540